000 00247nam a2200097Ia 4500
001 1103086
005 20250827003333.0
008 250824s9999 xx 000 0 und d
245 0 _aSIRLAR UÇURUMU
_cALEIN KENRIGERNA
260 _bPANAMA YAYINLARI
999 _c1103086
_d1103086